| 000 | 00589nam a2200193 i 4500 | ||
|---|---|---|---|
| 001 | 149520 | ||
| 003 | ES-MaACL | ||
| 005 | 20240502063045.0 | ||
| 007 | t| | ||
| 008 | 071023s1971 sp ||||1| spa d | ||
| 100 | 0 |
_aVázquez Montalbán, Manuel, _d1939- _9113463 |
|
| 245 | 1 | 0 |
_aCrónica sentimental de España / _cManuel Vázquez Montalbán. |
| 260 |
_aBarcelona : _bLumen, _c[1971] |
||
| 300 |
_a215 p., 24 h. de lám. ; _c20 cm. |
||
| 490 | 1 | _aPalabra y gente | |
| 830 | 0 |
_aPalabra y gente _9221097 |
|
| 852 |
_aES-MaACL _jC-51706 _bR.76780 |
||
| 999 |
_c149520 _d149520 |
||